| 000 | 00960nam a22002657a 4500 | ||
|---|---|---|---|
| 005 | 2011091300350.0 | ||
| 008 | 110913t xxu||||| |||| 00| 0 eng d | ||
| 010 | _aENG-103679 | ||
| 020 |
_a9788190992619 _c110.00 |
||
| 035 | _aEN-87212 | ||
| 037 | _bDBAD/PUB | ||
| 040 |
_aDPL _bEng |
||
| 082 | 0 | 0 | _a485 |
| 100 | 1 |
_aMoharana, Bankim Chandra _934724 |
|
| 245 | 1 | 0 |
_aTop-notch essays and letters for high school, college & competitive examinations / _cby Bankim Chandra Moharana [and] Ajoy Kumar Panda |
| 250 | _athoroughly rev. & enl. ed | ||
| 260 |
_aBhadrak _bPhoenix Publication _c2009 |
||
| 270 |
_aBasudevpur _bBhadrak _e756125 |
||
| 300 |
_a339p. _c22cm (pbk) |
||
| 650 | 0 | _934725 | |
| 700 |
_934727 _aPanda, Ajoy Kumar |
||
| 942 |
_2ddc _cEN _h485 _mMOH |
||
| 999 |
_c56576 _d56576 |
||